| 000 | 01664nam a2200409 c 4500 | ||
|---|---|---|---|
| 003 | BLK | ||
| 005 | 20230512121352.0 | ||
| 008 | 180409b bul|||||r ||||||| ||bul|| | ||
| 010 | _aKNG00132380000 | ||
| 020 |
_a978-954-320-275-1 _bиздат.: Рива |
||
| 040 | _aBLK | ||
| 041 |
_aBUL _cBUL |
||
| 072 | 7 |
_2bullib _aН83 _xЧужда художествена литература Н |
|
| 080 |
_aФренска литература _b821.133.1 _x-94 _z821.133.1-94 |
||
| 080 |
_aДяконова, Елена Дмитриевна. Съпруга на френския поет Пол Елюар, а по-късно на художника Салвадор Дали, тяхна муза и вдъхновителка _b929 Гала _x _z929 Гала |
||
| 100 | 1 |
_aБона, Доминик _eпърви автор _941184 |
|
| 700 | 1 |
_aИлиева, Кина _eпрев. от фр. _9290806 |
|
| 139 |
_aБона, Доминик _bБ 62 |
||
| 245 | 1 | 0 |
_aГала _cДоминик Бона; прев. от фр. Кина Илиева. |
| 257 | _aFRA | ||
| 260 |
_аСофия _bРива _c2010 _fВ. Търново : Абагар |
||
| 300 |
_a360 с. _c23 см |
||
| 380 | _aX | ||
| 500 | _aОриг. загл. Gala / Dominique Bona. | ||
| 600 | 1 | 4 |
_aГала _9320256 |
| 600 | 1 | 4 |
_aЕлюар, Пол _967096 |
| 600 | 1 | 4 |
_aДали, Салвадор _9363427 |
| 650 | 4 |
_aГала _9320256 |
|
| 653 | _aГала | ||
| 653 | _aроманизувани биографии | ||
| 659 | _aН | ||
| 852 | _aЦб 255830 | ||
| 856 | 4 |
_qpdf _u |
|
| 856 | 4 |
_qpdf _u |
|
| 942 |
_cKNG _n0 _01 |
||
| 944 |
_aCR _c23.07.2012 _lф / _kГеновева_Генчева |
||
| 944 |
_aED _c20.09.2016 _lф / _kВиолета_Тройчева |
||
| 999 |
_c126692 _d126692 |
||